Bagaimana mengembangkan kemampuan inovasi & kreativiti berfikir bagi diri, individu & masyarakat

Bibliographic Details
Main Author: Muhammad ' Abdul Jawwad
Other Authors: Ahmad Abdillah Mattinetta, Nuhani Ramli
Format: Book
Published: Kuala Lumpur : Jasmin Enterprise , 2004
Subjects:

MARC

LEADER 00000cam a2200000 7i4500
001 0000014293
005 20080306.0
008 080226
020 |a 983312819X 
090 0 0 |a 153.42   |b ABD 
100 0 |a Muhammad ' Abdul Jawwad 
245 1 0 |a Bagaimana mengembangkan kemampuan inovasi & kreativiti berfikir bagi diri, individu & masyarakat   |c Muhammad ' Abdul Jawwad:diterjemahkan Ahmad Abdillah Mattinetta dan Nuhani Ramli 
260 |a Kuala Lumpur :   |b Jasmin Enterprise ,   |c 2004 
650 0 |a Creative ability 
650 0 |a Creative thinking 
650 0 |a Thought and thinking 
700 0 |a Ahmad Abdillah Mattinetta 
700 0 |a Nuhani Ramli 
999 |a 0001007132   |b Book   |c Adult Collection   |e Perbadanan Perpustakaan Awam Johor 
999 |a 0001007133   |b Book   |c Adult Collection   |e Perbadanan Perpustakaan Awam Johor